000 00655nam a2200253Ia 4500
003 OSt
005 20221005122757.0
006 a|||||r|||| 00| 0
007 ta
008 221004b |||||||| |||| 00| 0 tel d
024 _a39748
037 _cTextual
040 _aCRL
_cCRL
_btel
041 _2tel
_atel
082 _aX:3M24xM18w, 35K4
100 _aStevanova E.
_9632579
245 0 _aKarlmarx jervitha sangraham
300 _a105p.
_ccm.
650 _a TELUGU LANGUAGE
_9155493
650 _a MARX, KARL
650 _aECONOMICS
942 _hX:3M24xM18w, 35K4
_cTEXL
_2cc
999 _c1045327
_d1045327